00353nam a2200133Ia 4500008004100000041000800041082001400049100002000063245004500083250001400128260003900142300003100181365000700212240624s9999 xx 000 0 und d aeng a658.5 KRA aKRAJEWSKI LEE J aOPERATIONS MANAGEMENT STRATEGY AND ANALY a(6th ed.) c2002aNew DelhibPearson Education axxv, : 882 : p. : cm. ; 26 cRS